| 000 | 00978cam a2200301Ma 4500 | ||
|---|---|---|---|
| 001 | 45218 | ||
| 005 | 20230410120819.0 | ||
| 008 | 910926s1971 mx f 000 0 spa d | ||
| 035 | _a(OCoLC)ocm48292117 | ||
| 040 |
_aEL$ _bspa _cEL$ _dOCLCQ _dDIBAM _dOCLCQ |
||
| 035 | _a(OCoLC)48292117 | ||
| 050 | 1 | 4 |
_aHX 273 _bL977c 1971 |
| 082 | 0 | 0 | _a335.082 |
| 100 | 1 |
_aLuxemburg, Rosa, _d1870-1919. |
|
| 245 | 1 | 3 |
_aLa Comuna de Berlín / _cRosa Luxemburgo [y] Carlos Liebknecht; [versión al español de Julio C. Acerete]. |
| 260 |
_aMéxico : _bEditorial Grijalbo, _c1971. |
||
| 300 |
_a158 p. ; _c18 cm. |
||
| 440 | 0 |
_aColección 70 ; _v97 |
|
| 650 | 0 |
_aCommunism _zGermany _xHistory. |
|
| 651 | 0 |
_aBerlin (Germany) _xHistory. |
|
| 650 | 0 |
_aPolitical parties _zGermany. |
|
| 610 | 2 | 7 |
_aPARTIDO COMUNISTA (ALEMANIA) _2renib |
| 650 | 7 |
_aCOMUNISMO _zALEMANIA. _2renib |
|
| 700 | 1 |
_aLiebknecht, Karl, _d1871 1919, _ecoaut. |
|
| 942 |
_2lcc _cbk |
||
| 946 | _amfcruz | ||
| 994 |
_aC0 _bDRFGD |
||
| 999 |
_c52393 _d52393 |
||